| 000 | 00463pab a2200157 454500 | ||
|---|---|---|---|
| 008 | 180718b2003 xxu||||| |||| 00| 0 eng d | ||
| 100 | _aSanchez-Choliz, J. | ||
| 245 | _aAnalysing pollution by way of vertically integrated coefficients, with an application to the water sector in Aragon | ||
| 260 | _c2003 | ||
| 300 | _ap.433-48. | ||
| 362 | _aMay | ||
| 650 | _aPollution | ||
| 700 | _aDharte, R. | ||
| 773 | _aCambridge Journal of Economics | ||
| 909 | _a60908 | ||
| 999 |
_c60908 _d60908 |
||